| 000 | 00786nam a2200205 i 4500 | ||
|---|---|---|---|
| 001 | 161984 | ||
| 003 | ES-MaACL | ||
| 005 | 20250806070430.0 | ||
| 008 | 990713s1882 sp a |||| | spa d | ||
| 100 | 1 |
_aPeset y Cervera, Vicente. _991439 |
|
| 245 | 1 | 3 |
_aLa fuerza eléctrica _b: resumen de electricidad moderna aplicada a la medicina / _cpor Vicente Peset y Cervera. |
| 260 |
_aMadrid : _b[s.n.], _c1882 ( _fImp. de Enrique Teodoro) |
||
| 300 |
_a218 p. : _bil. ; _c25 cm. |
||
| 490 | 1 | _aBiblioteca económica de medicina y cirujía | |
| 650 | 7 |
_aElectricidad _2embne _912159 |
|
| 650 | 4 |
_aElectroterapia. _912170 |
|
| 830 | 1 |
_aBiblioteca económica de medicina y cirujía _9186248 |
|
| 852 |
_aES-MaACL _jB-12713(1) _z- Enc. pasta española |
||
| 999 |
_c161984 _d161984 |
||